[Event "Open Nuevo Centro. Jornada 3"]
[Site "Chess.com"]
[Date "2020.07.03"]
[Round "2"]
[White "Perez Garcia, Jose Miguel"
[Black "Gerona Maura, Jesus"
[Result "1-0"]
[WhiteElo "2163"]
[BlackElo "1787"]
[PlyCount "79"]
[EventDate "2020.??.??"]
1. e4 e5 2. Nf3 Nc6 3. Bc4 Nf6 4. d3 Bc5 5. O-O d6 6. h3 h6 7. Nc3 a6 8. a4 g5
9. Nh2 Ne7 10. Be3 Bd4 11. Rb1 Ng6 12. Ne2 c5 13. c3 Bxe3 14. fxe3 Be6 15. Bb3
Qe7 16. Bc2 Nh4 17. Ng3 Nh7 18. Qe2 O-O-O 19. b4 c4 20. d4 d5 21. exd5 Bxd5 22.
e4 Bc6 23. d5 Bd7 24. Qxc4+ Kb8 25. Qe2 Bxh3 26. gxh3 Qd7 27. Qg4 Qc7 28. Rb3
Qb6+ 29. Rf2 Nf6 30. Qe2 g4 31. c4 gxh3 32. c5 Qc7 33. Rxf6 Rhg8 34. b5 Qe7 35.
Rff3 Nxf3+ 36. Qxf3 Qh4 37. Nhf1 h2+ 38. Nxh2 Rg6 39. Nhf1 Rdg8 40. bxa6 1-0

[Event "Open Nuevo Centro. Jornada 3"]
[Site "Chess.com"]
[Date "2020.07.03"]
[Round "2"]
[White "Haoyou, Deng"
[Black "Segarra Martinez, Axel"
[Result "0-1"]
[WhiteElo "1815"]
[BlackElo "2234"]
[PlyCount "90"]
[EventDate "2020.??.??"]
1. d4 Nf6 2. c4 e6 3. Nf3 c5 4. d5 exd5 5. cxd5 d6 6. Nc3 g6 7. e4 Bg7 8. Bd3
O-O 9. O-O Bg4 10. h3 Bxf3 11. Qxf3 a6 12. a4 Nbd7 13. Bf4 Qe7 14. Rac1 Ne5 15.
Bxe5 Qxe5 16. Qg3 Qxg3 17. fxg3 Nd7 18. g4 h6 19. g3 Rfe8 20. Kg2 Rab8 21. Rc2
Ne5 22. Be2 c4 23. Rb1 b5 24. axb5 axb5 25. b4 Nd3 26. Nd1 Rxe4 27. Bxd3 cxd3
28. Rd2 Re2+ 29. Rxe2 dxe2 30. Ne3 Bc3 31. Nc2 Re8 32. Ne1 Re4 33. Kf3 Rxb4 34.
Rxb4 Bxb4 35. Kxe2 Bxe1 36. Kxe1 Kg7 37. Kd2 Kf6 38. Kc3 Ke5 39. Kb4 Kxd5 40.
Kxb5 Ke4 41. Kc4 d5+ 42. Kc3 Ke3 43. h4 d4+ 44. Kc2 Ke2 45. g5 d3+ 0-1

[Event "Open Nuevo Centro. Jornada 3"]
[Site "Chess.com"]
[Date "2020.07.03"]
[Round "2"]
[White "Kovacevic, Slobodan"
[Black "Gracia Calvo, Andr�s"
[Result "1-0"]
[WhiteElo "2106"]
[BlackElo "1784"]
[PlyCount "59"]
[EventDate "2020.??.??"]
1. d4 d5 2. Bf4 c5 3. e3 Qb6 4. Nc3 Nc6 5. Nb5 e5 6. dxe5 Be6 7. b3 a6 8. Nd6+
Bxd6 9. exd6 Kd7 10. Nf3 Nf6 11. h3 Rad8 12. Bd3 h6 13. O-O g5 14. Bh2 Ne4 15.
Bxe4 dxe4 16. Ne5+ Nxe5 17. Bxe5 Rhg8 18. Qh5 Rg6 19. c4 Ke8 20. Rad1 Qc6 21.
f3 Rd7 22. f4 gxf4 23. Bxf4 b5 24. cxb5 axb5 25. Rc1 c4 26. Rf2 c3 27. Kh2 b4
28. Qe5 Qd5 29. Qh8+ Rg8 30. Qxg8# 1-0

[Event "Open Nuevo Centro. Jornada 3"]
[Site "Chess.com"]
[Date "2020.07.03"]
[Round "2"]
[White "Alvarez Usina, Jordi"
[Black "Yuste Valenzuela, Alejandro"
[Result "0-1"]
[WhiteElo "1219"]
[BlackElo "1859"]
[PlyCount "38"]
[EventDate "2020.??.??"]
1. d4 Nf6 2. Bf4 g6 3. e3 Bg7 4. Nf3 O-O 5. Nbd2 d6 6. Be2 c5 7. c3 b6 8. h4 h5
9. Ng5 Bb7 10. Rg1 Nbd7 11. g4 e5 12. Bh2 Nxg4 13. Bxg4 hxg4 14. Qxg4 Nf6 15.
Qg3 exd4 16. exd4 cxd4 17. cxd4 Qc7 18. Qxd6 Qc2 19. Rd1 Rae8+ 0-1

[Event "Open Nuevo Centro. Jornada 3"]
[Site "Chess.com"]
[Date "2020.07.03"]
[Round "2"]
[White "G�mez Alonso, �scar"
[Black "Gil L�pez, Alejandro"
[Result "0-1"]
[WhiteElo "1785"]
[BlackElo "2153"]
[PlyCount "66"]
[EventDate "2020.??.??"]
1. d4 e5 2. e3 d6 3. dxe5 Nc6 4. exd6 Bxd6 5. Nf3 Bg4 6. Be2 Qe7 7. c3 O-O-O 8.
Qa4 Nf6 9. Nbd2 h5 10. Nd4 Nxd4 11. Bxg4+ hxg4 12. cxd4 g3 13. f3 Rxh2 14. e4
Rxh1+ 15. Nf1 Kb8 16. Be3 Bb4+ 17. Ke2 Bd6 18. d5 Bc5 19. Bf4 Nxd5 20. Bxg3 f5
21. e5 Qd7 22. Qc4 Qc6 23. Rc1 Bb6 24. Qxc6 bxc6 25. Rxc6 f4 26. Bf2 Bxf2 27.
Kxf2 Re8 28. Rg6 Rxe5 29. Rxg7 Ne3 30. Nxe3 fxe3+ 31. Ke2 Rb1 32. f4 Rxb2+ 33.
Kf3 e2 0-1

[Event "Open Nuevo Centro. Jornada 3"]
[Site "Chess.com"]
[Date "2020.07.03"]
[Round "2"]
[White "Birnoveanu, Petru"
[Black "Lloret Ramis, Juan Jos�"
[Result "0-1"]
[WhiteElo "1669"]
[BlackElo "1985"]
[PlyCount "54"]
[EventDate "2020.??.??"]
1. e4 e6 2. Nf3 d5 3. Nc3 Nf6 4. e5 Ne4 5. d4 Nxc3 6. bxc3 c5 7. Ba3 Qa5 8. Bb2
cxd4 9. Qxd4 Nc6 10. Qd3 Be7 11. Be2 O-O 12. O-O Bd7 13. a4 Qc7 14. Qe3 Na5 15.
Ba3 Bxa3 16. Rxa3 Nc4 17. Bxc4 Qxc4 18. Qd4 Rfc8 19. Qxc4 Rxc4 20. a5 Rac8 21.
Rb3 R8c7 22. Rfb1 Bc8 23. Nd4 a6 24. Ne2 Ra4 25. f4 Rxa5 26. Kf2 Rac5 27. Ke3
b5 0-1

[Event "Open Nuevo Centro. Jornada 3"]
[Site "Chess.com"]
[Date "2020.07.03"]
[Round "2"]
[White "Fern�ndez Martin, Carlos"
[Black "Luque Saiz, Andr�s"
[Result "0-1"]
[WhiteElo "1625"]
[BlackElo "1946"]
[PlyCount "58"]
[EventDate "2020.??.??"]
1. e4 c6 2. Nc3 d5 3. Nf3 Bg4 4. h3 Bxf3 5. Qxf3 e6 6. d4 Nf6 7. e5 Nfd7 8. Bd3
c5 9. O-O cxd4 10. Nxd5 Nxe5 11. Bb5+ Nbc6 12. Qb3 Qxd5 13. c4 dxc3 14. Qxd5
exd5 15. Re1 O-O-O 16. bxc3 Bc5 17. Bf4 f6 18. a4 a6 19. Bf1 Rhe8 20. Reb1 Nc4
21. Rb3 g5 22. Bc1 N6a5 23. Rbb1 Re5 24. Kh1 Bxf2 25. Rb4 Bc5 26. Rbb1 Rde8 27.
h4 Re1 28. Ba3 Rxb1 29. Rxb1 Bxa3 0-1

[Event "Open Nuevo Centro. Jornada 3"]
[Site "Chess.com"]
[Date "2020.07.03"]
[Round "2"]
[White "Mart�nez Escandell, Alfonso"
[Black "Martinez Hernandez, Paula"
[Result "0-1"]
[WhiteElo "1711"]
[BlackElo "2034"]
[PlyCount "68"]
[EventDate "2020.??.??"]
1. e4 c6 2. d4 d5 3. Nc3 dxe4 4. Nxe4 Bf5 5. Ng3 Bg6 6. Nf3 Nd7 7. Bd3 Bxd3 8.
Qxd3 e6 9. O-O Ngf6 10. Bf4 Nd5 11. Bg5 Be7 12. Bxe7 Qxe7 13. c4 N5f6 14. Qb3
Rb8 15. Rfe1 O-O 16. Rad1 Nb6 17. d5 cxd5 18. cxd5 Rfe8 19. dxe6 fxe6 20. Ng5
Nbd5 21. Nxe6 Qb4 22. Qxb4 Nxb4 23. Nf5 g6 24. Nd6 Re7 25. a3 Nbd5 26. f4 b5
27. Nc5 Rxe1+ 28. Rxe1 Nxf4 29. b4 Rd8 30. Nxb5 Rd2 31. g3 Nh3+ 32. Kh1 Ng4 33.
Re8+ Kf7 34. Re2 Rxe2 0-1

[Event "Open Nuevo Centro. Jornada 3"]
[Site "Chess.com"]
[Date "2020.07.03"]
[Round "2"]
[White "Sanchis Bon, Sergi"
[Black "Gukasov, Artem"
[Result "0-1"]
[WhiteElo "939"]
[BlackElo "1532"]
[PlyCount "56"]
[EventDate "2020.??.??"]
1. e4 e5 2. Qf3 Nf6 3. g4 h6 4. h4 d6 5. g5 Ng4 6. Bh3 h5 7. g6 f6 8. Bxg4 Bxg4
9. Qg3 Qd7 10. Nc3 Nc6 11. Nd5 Nd4 12. Rb1 Nxc2+ 13. Kf1 c6 14. Ne3 Nxe3+ 15.
dxe3 O-O-O 16. f3 Be6 17. Qe1 Bxa2 18. Ra1 Bc4+ 19. Kf2 a6 20. Qc3 Bb5 21. Qa5
f5 22. Bd2 fxe4 23. fxe4 Qe7 24. Qb6 Qf6+ 25. Nf3 Qxg6 26. Ba5 Rd7 27. Qa7 b6
28. Bxb6 Rxa7 0-1

[Event "Open Nuevo Centro. Jornada 3"]
[Site "Chess.com"]
[Date "2020.07.03"]
[Round "2"]
[White "Reig Albero, Ferran"
[Black "Pallardo Lozoya, Jose Vicente"
[Result "0-1"]
[WhiteElo "1821"]
[BlackElo "2260"]
[PlyCount "64"]
[EventDate "2020.??.??"]
1. e4 c6 2. Nf3 d5 3. Nc3 Bg4 4. d4 e6 5. h3 Bxf3 6. Qxf3 Nf6 7. e5 Nfd7 8. Bd3
c5 9. Be3 cxd4 10. Bxd4 Nc6 11. Qe3 Nxd4 12. Qxd4 Bc5 13. Qg4 g6 14. f4 Bb4 15.
O-O Bxc3 16. bxc3 Qc7 17. Rab1 O-O-O 18. Rb3 Nc5 19. Rbb1 Kb8 20. Rfc1 Ka8 21.
Kh1 Rc8 22. Qe2 Rhd8 23. c4 Qa5 24. c3 Nxd3 25. Qxd3 dxc4 26. Qe4 Qd5 27. Qc2
Qc6 28. Rb4 Rd5 29. Rcb1 b6 30. a4 Rcd8 31. Qa2 Rd2 32. Qxc4 Qxg2# 0-1

[Event "Open Nuevo Centro. Jornada 3"]
[Site "Chess.com"]
[Date "2020.07.03"]
[Round "2"]
[White "URSARIU, NIKOLAS VICTOR"
[Black "Rodriguez Rodriguez, Joan David "
[Result "0-1"]
[WhiteElo "997"]
[BlackElo "1587"]
[PlyCount "66"]
[EventDate "2020.??.??"]
1. e4 e5 2. Nf3 Nc6 3. Nc3 Nf6 4. d4 exd4 5. Nxd4 Bb4 6. Nxc6 bxc6 7. Bd3 d5 8.
e5 Nd7 9. Bf4 O-O 10. O-O Re8 11. Re1 Nf8 12. a3 Bc5 13. Na4 Bb6 14. Nc3 Rb8
15. Re2 Bg4 16. Kh1 Ne6 17. Bg3 Bxe2 18. Qxe2 f6 19. exf6 Qxf6 20. Qf3 Qxf3 21.
gxf3 Rf8 22. Be2 Nf4 23. Bd3 Nxd3 24. cxd3 Rxf3 25. Re1 Bxf2 26. Bxf2 Rxf2 27.
Re7 Rbxb2 28. Re1 Rxh2+ 29. Kg1 Rhg2+ 30. Kh1 Rgc2 31. Na4 Re2 32. Rf1 Rh2+ 33.
Kg1 Rbg2# 0-1

[Event "Open Nuevo Centro. Jornada 3"]
[Site "Chess.com"]
[Date "2020.07.03"]
[Round "2"]
[White "Sampedro Roig, Josep Francesc"
[Black "Silva Rodriguez, Fernando"
[Result "0-1"]
[WhiteElo "1837"]
[BlackElo "2457"]
[PlyCount "62"]
[EventDate "2020.??.??"]
1. e4 d5 2. exd5 Nf6 3. d4 Bg4 4. Be2 Bxe2 5. Qxe2 Qxd5 6. Nf3 Nc6 7. c3 O-O-O
8. O-O e6 9. Bf4 Qf5 10. Bg3 g5 11. Nbd2 h5 12. Ne5 h4 13. Nxc6 hxg3 14. Nxd8
gxh2+ 15. Kh1 Kxd8 16. Nf3 Bd6 17. Rae1 Nd5 18. Qe4 Rh5 19. Ne5 f6 20. Nf7+ Kd7
21. Qxf5 exf5 22. Nxd6 cxd6 23. g3 f4 24. Kg2 g4 25. gxf4 Nxf4+ 26. Kh1 f5 27.
Re3 Ne6 28. Rfe1 Ng5 29. Re7+ Kc6 30. R1e3 Ne4 31. Rf7 Nxf2+ 0-1

[Event "Open Nuevo Centro. Jornada 3"]
[Site "Chess.com"]
[Date "2020.07.03"]
[Round "2"]
[White "Mart�nez Carvajal, Juan Francisco"
[Black "Vega Guti�rrez, Sabrina"
[Result "0-1"]
[WhiteElo "1741"]
[BlackElo "2104"]
[PlyCount "80"]
[EventDate "2020.??.??"]
1. Nf3 d5 2. c4 e6 3. b3 a5 4. Bb2 a4 5. g3 a3 6. Bc3 c5 7. e3 Nc6 8. d4 cxd4
9. Nxd4 Nf6 10. Nd2 Be7 11. Bg2 O-O 12. O-O Nb4 13. e4 e5 14. exd5 exd4 15.
Bxd4 Bf5 16. Nf3 Nc2 17. Rc1 Nxd4 18. Nxd4 Be4 19. Re1 Bxg2 20. Kxg2 Bb4 21.
Re3 Re8 22. Qe2 Qd7 23. Nc2 Bc5 24. Re5 Rxe5 25. Qxe5 Re8 26. Qg5 Re2 27. Qf4
Rxf2+ 28. Qxf2 Bxf2 29. Kxf2 Qf5+ 30. Kg2 Qe4+ 31. Kh3 Qg4+ 32. Kg2 Qe2+ 33.
Kh3 Qd2 34. Re1 Qxc2 35. Re7 h5 36. d6 Ng4 37. Kh4 Qxh2+ 38. Kg5 Qd2+ 39. Kxh5
Nf6+ 40. Kh4 Qh6# 0-1

[Event "Open Nuevo Centro. Jornada 3"]
[Site "Chess.com"]
[Date "2020.07.03"]
[Round "2"]
[White "Valero Artagoitia, Sara"
[Black "Colomer Martinez, Isabel"
[Result "0-1"]
[WhiteElo "559"]
[BlackElo "1275"]
[PlyCount "60"]
[EventDate "2020.??.??"]
1. e4 e5 2. Nf3 Nc6 3. Bb5 Nf6 4. d3 Bc5 5. O-O O-O 6. Bg5 a6 7. Ba4 Re8 8. h3
h6 9. Bh4 Nd4 10. Nc3 Be7 11. a3 d6 12. Bxe8 Qxe8 13. b4 Nd7 14. Nd5 Bxh4 15.
Nxh4 Qd8 16. c3 Ne6 17. Nf5 Kf8 18. Qg4 Nf6 19. Qh4 Kg8 20. d4 exd4 21. cxd4
Nh7 22. e5 dxe5 23. dxe5 Qxh4 24. Nxh4 c6 25. Ne7+ Kf8 26. Nxc8 Rxc8 27. Nf5
Rd8 28. Rad1 Rxd1 29. Rxd1 Kg8 30. Rd7 Kf8 0-1

[Event "Open Nuevo Centro. Jornada 3"]
[Site "Chess.com"]
[Date "2020.07.03"]
[Round "2"]
[White "Chernikov, Vladimir"
[Black "Bercaru, Vlad Ionut"
[Result "1-0"]
[WhiteElo "2252"]
[BlackElo "1777"]
[PlyCount "87"]
[EventDate "2020.??.??"]
1. b3 Nf6 2. Bb2 g6 3. Bxf6 exf6 4. c4 Bg7 5. Nc3 f5 6. Rc1 O-O 7. g3 Nc6 8.
Bg2 d6 9. e3 Bd7 10. Nge2 Rb8 11. O-O Ne5 12. d4 Nc6 13. a3 Re8 14. b4 a6 15.
Qb3 Ne7 16. Nf4 Kh8 17. h4 Be6 18. Nxe6 fxe6 19. c5 d5 20. a4 c6 21. b5 axb5
22. axb5 Ng8 23. Na4 Nf6 24. Nb6 Ne4 25. Ra1 Nd2 26. Qb4 Nxf1 27. Bxf1 e5 28.
dxe5 Bxe5 29. Ra7 Bc7 30. Na4 Re4 31. Qb2+ Kg8 32. Nc3 Be5 33. Bd3 Bxc3 34.
Qxc3 Re6 35. bxc6 Rxc6 36. Bb5 Re6 37. c6 Qb6 38. c7 Rc8 39. Bd7 Rxc7 40. Bxe6+
Kf8 41. Qf6+ Ke8 42. Ra8+ Rc8 43. Rxc8+ Qd8 44. Rxd8# 1-0

[Event "Open Nuevo Centro. Jornada 3"]
[Site "Chess.com"]
[Date "2020.07.03"]
[Round "2"]
[White "Roca Cruz, Rafael"
[Black "Garcia Trobat, Francisco"
[Result "1-0"]
[WhiteElo "1826"]
[BlackElo "2198"]
[PlyCount "65"]
[EventDate "2020.??.??"]
1. d4 Nf6 2. c4 e6 3. Nc3 Bb4 4. e3 O-O 5. Nge2 c5 6. a3 Bxc3+ 7. Nxc3 cxd4 8.
Qxd4 Nc6 9. Qd2 d5 10. cxd5 exd5 11. b4 d4 12. Nd1 Ne4 13. Qb2 Bg4 14. f3 dxe3
15. Bxe3 Bh5 16. fxe4 Bxd1 17. Rxd1 Qh4+ 18. Qf2 Qxe4 19. Bd3 Qe7 20. O-O Ne5
21. Bc5 Qe6 22. Bxf8 Rxf8 23. Qf5 Qb6+ 24. Kh1 Ng6 25. Qf2 Qe6 26. Bxg6 Qxg6
27. Qf5 h6 28. Qxg6 fxg6 29. Rxf8+ Kxf8 30. Rd7 Kg8 31. Rxb7 g5 32. Rxa7 Kh7
33. b5 1-0

[Event "Open Nuevo Centro. Jornada 3"]
[Site "Chess.com"]
[Date "2020.07.03"]
[Round "2"]
[White "Maestre Soler, Sergio"
[Black "Beneyto de Ramon, Guillermo"
[Result "0-1"]
[WhiteElo "889"]
[BlackElo "1520"]
[PlyCount "86"]
[EventDate "2020.??.??"]
1. e4 Nf6 2. e5 Nd5 3. Bc4 Nb6 4. Bb3 e6 5. Nc3 Nc6 6. h3 Nxe5 7. Nf3 Nxf3+ 8.
Qxf3 Be7 9. O-O O-O 10. d3 d5 11. Qg3 Bd6 12. Qf3 Qf6 13. Qxf6 gxf6 14. Bh6 Re8
15. Rae1 Kh8 16. Re3 d4 17. Rg3 Bxg3 18. fxg3 dxc3 19. bxc3 f5 20. g4 Kg8 21.
gxf5 exf5 22. Rf3 f4 23. g3 Re3 24. Rxf4 Rxg3+ 25. Kf2 Rg7 26. Bxg7 Kxg7 27.
Rxf7+ Kh6 28. Rf6+ Kg5 29. Rf3 Bd7 30. Rg3+ Kh4 31. Bf7 Rf8 32. Rf3 Bc6 33. Rf6
Kg5 34. Rxc6 bxc6 35. Ke2 Rxf7 36. Kd2 Kf4 37. Kc1 Kf3 38. Kb2 Rf5 39. Kb3 Ke3
40. Kb2 Kd2 41. Kb3 Rb5+ 42. Ka3 Kxc3 43. d4 Ra5# 0-1

[Event "Open Nuevo Centro. Jornada 3"]
[Site "Chess.com"]
[Date "2020.07.03"]
[Round "2"]
[White "Valverde Caballero, Rafael"
[Black "Cruz LLedo, Pablo"
[Result "1/2-1/2"]
[WhiteElo "1858"]
[BlackElo "2536"]
[PlyCount "80"]
[EventDate "2020.??.??"]
1. e4 c6 2. c4 d5 3. exd5 cxd5 4. d4 Nf6 5. Nc3 Be6 6. cxd5 Bxd5 7. Nf3 e6 8.
Nxd5 Nxd5 9. Bb5+ Nd7 10. O-O Bd6 11. Ne5 Bxe5 12. dxe5 O-O 13. Re1 Rc8 14. Qg4
Kh8 15. Ba4 N7b6 16. Bb3 Re8 17. Bg5 Qd7 18. Rad1 Qb5 19. h4 Nc4 20. h5 Ndb6
21. h6 Nxe5 22. hxg7+ Kg8 23. Qh4 Ng6 24. Qg3 Qf5 25. Re3 Nc4 26. Rf3 Qe5 27.
Bf4 Nxf4 28. Rxf4 Nd2 29. Qh4 Nxb3 30. axb3 Rc2 31. Rd7 Rc1+ 32. Kh2 Rc7 33.
Rd8 Rxd8 34. Qxd8+ Kxg7 35. g3 f5 36. Rh4 Rf7 37. Qg5+ Kf8 38. Qd8+ Kg7 39.
Qg5+ Kh8 40. Qd8+ Kg7 1/2-1/2

[Event "Open Nuevo Centro. Jornada 3"]
[Site "Chess.com"]
[Date "2020.07.03"]
[Round "2"]
[White "Conejero Mart�nez, V�ctor"
[Black "Rabbani Perez, Oumaima "
[Result "1-0"]
[WhiteElo "1368"]
[BlackElo "645"]
[PlyCount "73"]
[EventDate "2020.??.??"]
1. d4 d5 2. c4 c5 3. Nc3 Nc6 4. e3 e6 5. Nf3 Nf6 6. Bd3 Bd6 7. O-O O-O 8. Re1
Re8 9. a3 a6 10. Qc2 Qc7 11. dxc5 dxc4 12. cxd6 cxd3 13. Qxd3 Qd7 14. Rd1 h6
15. Na4 Rb8 16. Nb6 Qd8 17. Nc4 Nh5 18. d7 Bxd7 19. Qxd7 Qxd7 20. Rxd7 Nf6 21.
Rc7 Nd5 22. Rd7 Nf6 23. Rd1 Ne4 24. Bd2 Nc5 25. Bc3 Nb3 26. Rab1 Ne5 27. Nfxe5
f6 28. Nd7 Rbc8 29. Ncb6 Rcd8 30. Bb4 a5 31. Be1 e5 32. Rd3 e4 33. Rxb3 Kf7 34.
Bc3 Ke7 35. Rd1 a4 36. Rb4 Ke6 37. Rxe4+ 1-0

[Event "Open Nuevo Centro. Jornada 3"]
[Site "Chess.com"]
[Date "2020.07.03"]
[Round "2"]
[White "Campos Gambuti, Luis Mar�a"
[Black "Cantero Navarro, Antonio"
[Result "1-0"]
[WhiteElo "2496"]
[BlackElo "1845"]
[PlyCount "81"]
[EventDate "2020.??.??"]
1. d4 d5 2. Nc3 Nf6 3. Bg5 e6 4. e4 dxe4 5. Nxe4 Nbd7 6. Nf3 Be7 7. Nxf6+ Nxf6
8. Bd3 a6 9. O-O O-O 10. Qe2 Nd5 11. Bd2 c5 12. dxc5 Bxc5 13. c4 Nf6 14. Bc3
Be7 15. a4 Bd7 16. Ne5 Qc7 17. Bc2 Rad8 18. a5 Bc6 19. b4 Rfe8 20. Rfe1 Rf8 21.
Qe3 Bd7 22. Rad1 Bc8 23. Bd3 Rfe8 24. Qh3 g6 25. Qf3 Rd6 26. Qf4 Rdd8 27. g4
Rf8 28. Re3 Nd7 29. Nxg6 Qxf4 30. Nxf4 Nf6 31. g5 Ne8 32. h4 Nd6 33. Rde1 Bd7
34. Rg3 Bc6 35. h5 Rd7 36. g6 hxg6 37. hxg6 f5 38. Nxe6 Re8 39. Nc5 Rdd8 40.
Rh3 Bf8 41. Rh8# 1-0

[Event "Open Nuevo Centro. Jornada 3"]
[Site "Chess.com"]
[Date "2020.07.03"]
[Round "2"]
[White "Sanchez Saez, Francisco"
[Black "Benday�n Claros, Aaron"
[Result "0-1"]
[WhiteElo "2212"]
[BlackElo "1853"]
[PlyCount "90"]
[EventDate "2020.??.??"]
1. Nf3 d5 2. b3 c6 3. Bb2 Nf6 4. g3 Bg4 5. Bg2 Nbd7 6. O-O e6 7. d3 Be7 8. Nbd2
O-O 9. h3 Bh5 10. g4 Bg6 11. Nh4 e5 12. Ndf3 Bd6 13. c4 Re8 14. Nxg6 hxg6 15.
e4 d4 16. Bc1 Nh7 17. Bd2 g5 18. Qc1 f6 19. h4 Be7 20. h5 Nhf8 21. Nh2 Ne6 22.
f3 Ndf8 23. Kf2 Nf4 24. Qc2 Qb6 25. Rh1 Bb4 26. Nf1 Bxd2 27. Qxd2 Kh7 28. Ng3
a5 29. Nf5 Qb4 30. Qc2 Red8 31. Rac1 a4 32. h6 g6 33. Ng3 axb3 34. axb3 Ra3 35.
Rb1 Rda8 36. Bf1 N8e6 37. Rb2 Nc5 38. Be2 Qc3 39. Rc1 Nfxd3+ 40. Bxd3 Nxd3+ 41.
Kg1 Nxc1 42. Qh2 Qe1+ 43. Nf1 Ra2 44. f4 Rxb2 45. Qxb2 Ra2 0-1

[Event "Open Nuevo Centro. Jornada 3"]
[Site "Chess.com"]
[Date "2020.07.03"]
[Round "2"]
[White "Montesinos Diaz, Luis"
[Black "Mart�nez Cuenca, Jose Andr�s"
[Result "1-0"]
[WhiteElo "1914"]
[BlackElo "1060"]
[PlyCount "119"]
[EventDate "2020.??.??"]
1. e4 c5 2. Nf3 g6 3. d3 Bg7 4. g3 d6 5. Bg2 Bg4 6. h3 Be6 7. O-O Nf6 8. Nh2
Qd7 9. g4 h5 10. g5 Nh7 11. h4 f6 12. f4 fxg5 13. fxg5 Rf8 14. Rxf8+ Kxf8 15.
Nc3 Kg8 16. Nd5 Bxd5 17. exd5 Bd4+ 18. Kh1 Qf5 19. c3 Be5 20. Be4 Qh3 21. Qe2
Nd7 22. Be3 Rf8 23. Bxg6 Bxh2 24. Bxh7+ Kxh7 25. Qxh2 Rf1+ 26. Rxf1 Qxf1+ 27.
Bg1 Qf3+ 28. Qg2 Qxd3 29. g6+ Qxg6 30. Qe2 Ne5 31. Bh2 Qd3 32. Qxh5+ Kg7 33.
Bxe5+ dxe5 34. Qxe5+ Kf7 35. Qf4+ Kg7 36. Qg5+ Qg6 37. Kg2 Qxg5+ 38. hxg5 Kg6
39. Kf3 Kxg5 40. Ke4 Kf6 41. b3 b6 42. a3 a6 43. b4 cxb4 44. axb4 a5 45. bxa5
bxa5 46. Kd4 a4 47. Kc4 a3 48. Kb3 a2 49. Kxa2 Ke5 50. c4 Kd6 51. Kb3 Kc5 52.
Kc3 Kd6 53. Kd4 Kc7 54. c5 Kd7 55. Ke5 Kd8 56. Ke6 Ke8 57. c6 Kd8 58. Kf7 Kc7
59. Kxe7 Kc8 60. d6 1-0

[Event "Open Nuevo Centro. Jornada 3"]
[Site "Chess.com"]
[Date "2020.07.03"]
[Round "2"]
[White "Mar�n Corresa, Arturo"
[Black "Donate Moreno, Silvia"
[Result "1-0"]
[WhiteElo "2213"]
[BlackElo "1800"]
[PlyCount "125"]
[EventDate "2020.??.??"]
1. e4 c5 2. Nf3 d6 3. c3 Nf6 4. Bd3 Nc6 5. h3 e6 6. O-O Be7 7. Bc2 O-O 8. a3 b5
9. d4 cxd4 10. cxd4 e5 11. d5 Na5 12. b3 Ba6 13. Re1 Rc8 14. Bd2 Qc7 15. Bd3
Qb6 16. a4 Nb7 17. Be3 Qa5 18. Nbd2 b4 19. Nc4 Bxc4 20. Bxc4 h6 21. Nd2 Nd7 22.
Qg4 Nf6 23. Qf3 Nc5 24. g4 Nfd7 25. Bf1 Qd8 26. Rab1 Nb6 27. Rec1 Bg5 28. Bb5
Bxe3 29. Qxe3 a5 30. Bc4 Qf6 31. Kg2 Qg6 32. Re1 h5 33. f3 h4 34. Qf2 Qh6 35.
Nf1 g5 36. Ne3 Qf6 37. Nf5 Kh7 38. Qd2 Nxc4 39. bxc4 Nxa4 40. Ra1 Nc5 41. Rxa5
Nb3 42. Qxb4 Nxa5 43. Qxa5 Rxc4 44. Re2 Rc1 45. Qb6 Rd8 46. Ra2 Kg8 47. Ra7
Rcc8 48. Rc7 Rxc7 49. Qxc7 Ra8 50. Qxd6 Ra2+ 51. Kf1 Qxd6 52. Nxd6 Rh2 53. Nf5
Rxh3 54. Kg2 Rg3+ 55. Nxg3 hxg3 56. Kxg3 Kf8 57. Kf2 Ke7 58. Ke3 Kd6 59. Kd3
Kc5 60. Kc3 Kb5 61. Kb3 Kc5 62. Ka4 Kc4 63. d6 1-0

[Event "Open Nuevo Centro. Jornada 3"]
[Site "Chess.com"]
[Date "2020.07.03"]
[Round "2"]
[White "Aguado, Pablo Luis"
[Black "Macias Pino, Diego"
[Result "0-1"]
[WhiteElo "1786"]
[BlackElo "2191"]
[PlyCount "146"]
[EventDate "2020.??.??"]
1. d4 d5 2. c4 dxc4 3. e3 Nf6 4. Bxc4 a6 5. Nc3 e6 6. Bd3 b5 7. Nf3 Bb7 8. O-O
Be7 9. Re1 Nbd7 10. Qe2 c5 11. a3 O-O 12. Rd1 Qc7 13. Bd2 Rac8 14. Rac1 Qb8 15.
e4 cxd4 16. Nxd4 Ne5 17. Bf4 Bd6 18. Bxe5 Bxe5 19. Nf3 Bxc3 20. bxc3 e5 21. Bb1
Rc5 22. Rd2 Rfc8 23. Qd3 Bxe4 24. Qe3 Bxb1 25. Rxb1 Rxc3 26. Qe1 e4 27. Nd4 Ng4
28. g3 e3 29. fxe3 Rxe3 30. Qd1 h5 31. Nf5 Re5 32. Rd5 Qb6+ 33. Qd4 Qxd4+ 34.
Rxd4 Rxf5 35. Rbd1 g6 36. Rd7 Rf6 37. Ra7 Kg7 38. Rad7 Rc3 39. R7d5 Rc2 40.
R5d2 Rxd2 41. Rxd2 Ne3 42. Rf2 Rxf2 43. Kxf2 Nc4 44. Ke2 Nxa3 45. Kd2 Nc4+ 46.
Kc3 a5 47. Kb3 g5 48. Kc3 h4 49. gxh4 gxh4 50. Kb3 f5 51. Kc2 f4 52. Kd3 f3 53.
Kc2 f2 54. h3 f1=B 55. Kc3 a4 56. Kb4 a3 57. Kb3 Kf6 58. Ka2 Ke5 59. Kb3 Kd6
60. Ka2 Kc5 61. Kb3 b4 62. Ka2 Bxh3 63. Kb1 Bg2 64. Kc2 h3 65. Kb3 h2 66. Ka2
h1=B 67. Kb3 Na5+ 68. Ka4 Bc6+ 69. Kxa5 a2 70. Ka6 a1=N 71. Ka5 Bb7 72. Ka4
Bhc6+ 73. Ka5 Nb3# 0-1

[Event "Open Nuevo Centro. Jornada 3"]
[Site "Chess.com"]
[Date "2020.07.03"]
[Round "2"]
[White "SIMARRO PEIR�, ANDR�S"
[Black "Donate Peris, Jose Manuel"
[Result "0-1"]
[WhiteElo "993"]
[BlackElo "1560"]
[PlyCount "142"]
[EventDate "2020.??.??"]
1. e4 e5 2. Nf3 Nc6 3. Nc3 d6 4. Bc4 Be6 5. Bb3 Bxb3 6. axb3 Be7 7. O-O Nf6 8.
d3 h6 9. Be3 a6 10. b4 Nxb4 11. Ne2 O-O 12. Ng3 d5 13. exd5 Qxd5 14. c4 Qe6 15.
Qd2 Rfd8 16. d4 exd4 17. Nxd4 Qd7 18. Rfd1 c5 19. Ngf5 cxd4 20. Nxd4 Qg4 21. g3
Nc6 22. f3 Qg6 23. f4 Nxd4 24. Bxd4 Bc5 25. Qe3 Bxd4 26. Rxd4 Rxd4 27. Qxd4 Qe4
28. Qc3 Rc8 29. Re1 Qxc4 30. Qxc4 Rxc4 31. Rd1 Rb4 32. Rd8+ Kh7 33. Rd2 Ne4 34.
Re2 Nc5 35. Rf2 Nd3 36. Rd2 Nxb2 37. f5 Nc4 38. Rd4 Rb1+ 39. Kf2 Nb6 40. g4
Rb2+ 41. Kg3 Nc8 42. h3 Ne7 43. Rd7 Nc6 44. Rxf7 a5 45. f6 Kg6 46. Rxg7+ Kxf6
47. Rh7 Kg6 48. Rc7 a4 49. h4 Rb3+ 50. Kf4 a3 51. g5 hxg5+ 52. hxg5 Rb4+ 53.
Kf3 Kxg5 54. Rg7+ Kf6 55. Rh7 a2 56. Rh6+ Ke5 57. Rh5+ Kd6 58. Rh6+ Kc5 59.
Rh5+ Kb6 60. Rh1 Rb1 61. Rh4 Rb3+ 62. Ke2 a1=Q 63. Rc4 Qa2+ 64. Kd1 Rb1+ 65.
Rc1 Qb3+ 66. Kd2 Rxc1 67. Kxc1 Qa2 68. Kd1 Kc5 69. Kc1 Kd4 70. Kd1 Kd3 71. Kc1
Qc2# 0-1

[Event "Open Nuevo Centro. Jornada 3"]
[Site "Chess.com"]
[Date "2020.07.03"]
[Round "2"]
[White "Yatseta Fernandez, Marc Kazymyr"
[Black "Ferrando Lacruz, Nicol�s "
[Result "1-0"]
[WhiteElo "1591"]
[BlackElo "1004"]
[PlyCount "137"]
[EventDate "2020.??.??"]
1. d4 g6 2. c4 Nf6 3. g3 Bg7 4. Nf3 d6 5. Bg2 O-O 6. O-O Nc6 7. Be3 Bg4 8. h3
Bd7 9. Nbd2 Qe8 10. Rc1 e5 11. dxe5 dxe5 12. Nb3 Nb4 13. a3 Na2 14. Ra1 Nc3 15.
bxc3 Ba4 16. Rb1 Rd8 17. Qc2 b5 18. Qb2 Ne4 19. Nc5 Qc6 20. Nxe4 Qxe4 21. Ng5
Qf5 22. cxb5 Rb8 23. c4 a6 24. h4 axb5 25. Ba7 Ra8 26. Bxa8 Rxa8 27. Be3 bxc4
28. Qb7 Bf8 29. Qxa8 Bc2 30. Bc5 Kg7 31. Qxf8+ Kf6 32. Nxh7+ Ke6 33. Qe7+ Kd5
34. Rfd1+ Kc6 35. Rdc1 Bxb1 36. f3 Ba2 37. Rd1 Bb3 38. Rc1 c3 39. Nf6 c2 40.
Ne4 Ba2 41. Qf6+ Qxf6 42. Nxf6 Bb3 43. Bf2 Ba4 44. Kf1 Bb3 45. e3 e4 46. Ke2
Kd6 47. Nxe4+ Ke5 48. Nd2 Bc4+ 49. Ke1 Bb3 50. Nxb3 c5 51. Rxc2 c4 52. Na5 c3
53. Rxc3 g5 54. Rc5+ Kd6 55. Rxg5 f6 56. Rg6 Ke5 57. e4 Ke6 58. Bd4 Kd6 59.
Rxf6+ Ke7 60. Kd2 Kd7 61. Nc4 Ke7 62. a4 Kd7 63. a5 Ke7 64. a6 Kd7 65. a7 Kc7
66. a8=Q Kd7 67. Qb7+ Ke8 68. Nd6+ Kd8 69. Rf8# 1-0